Wszystkie bramki Lewandowskiego w Lidze Mistrzów - Statystyki

Ogólne statystyki
  • Ten quiz został rozwiązany 337 razy
    272 od ostatniego zresetowania
  • Średni wynik to 11 z 28
Statystyki odpowiedzi
Ilość bramek Klub % Poprawnych
6 bramek Real Madryt
97%
2 bramki FC Barcelona
96%
1 bramka Paris Saint-Germain
76%
3 bramki Chelsea FC
74%
1 bramka Manchester City
72%
4 bramki Arsenal FC
67%
1 bramka Juventus FC
65%
2 bramki Tottenham Hotspur
60%
2 bramki Atletico Madryt
57%
2 bramki FC Porto
47%
1 bramka AS Roma
43%
5 bramek Ajax Amsterdam
41%
1 bramka Olympique Lyon
30%
2 bramki Lazio
28%
3 bramki Olympique Marsylia
27%
2 bramki Szachtar Donieck
27%
3 bramki Benfica Lizbona
26%
1 bramka Malaga FC
25%
2 bramki RSC Anderlecht
20%
3 bramki PSV Eindhoven
19%
5 bramek Olympiakos Pireus
17%
3 bramki AEK Ateny
14%
2 bramki Besiktas JK
13%
5 bramek Crvena Zvezda Belgrad
13%
5 bramek Dinamo Zagrzeb
13%
3 bramki Red Bull Salzburg
10%
2 bramki Zenit Petersburg
9%
1 bramka FK Rostów
5%
Nie znaleziono quizów pasujących do podanych kryteriów
Rozkład punktacji
Procent ludzi z każdym wynikiem
Percentyl według liczby udzielonych odpowiedzi
Twoja historia wyników
Nie rozwiązałeś tego quizu od ostatniego zresetowania